000 00685nam a2200217 a 4500
003 OSt
005 20160108114517.0
008 020226s1999 esp 000 0 spa d
020 _a84-7002-468-X
040 _cBMC
082 _a808.838738
245 0 0 _aHistorias de fantasmas
_c[Washington Irving...et al] ; traducción de, José María Aroca y A. Herrera
260 _aBarcelona
_bAcervo
_c1999
300 _a384 p.
_c20 cm
490 _aHistorias de 14 maestros de la literatura universal
_v16
650 2 4 _aCuentos de terror
_936760
700 1 _9135
_aIrving, Washington
_d1783-1859
700 1 _913909
_aAroca, José María
700 1 _935323
_aHerrera, A.
942 _2ddc
_cBK
999 _c24043
_d24043